Catálogo
 En Linea

Libro de los privilegios del almirante Don Cristóbal Colón / (Registro nro. 30728)

Detalles MARC
000 -CABECERA
campo de control de longitud fija 00915nam a2200205 a 4500
001 - NÚMERO DE CONTROL
campo de control 000031236
005 - FECHA Y HORA DE LA ÚLTIMA TRANSACCIÓN
campo de control 20240313182403.0
008 - DATOS DE LONGITUD FIJA--INFORMACIÓN GENERAL
campo de control de longitud fija 110615s1951 es 000 0 spa d
040 ## - FUENTE DE LA CATALOGACIÓN
Centro catalogador/agencia de origen DO-SdBNP
Lengua de catalogación spa
Centro/agencia transcriptor BNPHU
049 ## - FONDOS LOCALES (OCLC)
Fondos de biblioteca BNPD
110 1# - ENTRADA PRINCIPAL--NOMBRE DE ENTIDAD CORPORATIVA
Nombre de entidad corporativa o nombre de jurisdicción como elemento de entrada España
Unidad subordinada (Reino). Rey (1474-1504: Isabel I y Fernando V)
9 (RLIN) 57708
245 10 - MENCIÓN DE TÍTULO
Título Libro de los privilegios del almirante Don Cristóbal Colón /
Mención de responsabilidad, etc. estudio preliminar, edición y notas por el Excmo. Señor Don Ciriaco Pérez-Bustamante.
260 ## - PUBLICACIÓN, DISTRIBUCIÓN, ETC.
Lugar de publicación, distribución, etc. Madrid :
Nombre del editor, distribuidor, etc. Real Academia de la Historia,
Fecha de publicación, distribución, etc. 1951.
300 ## - DESCRIPCIÓN FÍSICA
Extensión LXV, 201 p., ;
Dimensiones 29 cm.
500 ## - NOTA GENERAL
Nota general Incluye reprod. facs. del texto original conservado en el Archivo General de Indias
500 ## - NOTA GENERAL
Nota general Incluye refeencias bibliográficas y notas al pie de las páginas
700 ## - PUNTO DE ACCESO ADICIONAL--NOMBRE DE PERSONA
Nombre de persona COLÓN, CRISTOBAL,
Fechas asociadas al nombre 1436-1456
9 (RLIN) 19795
700 ## - PUNTO DE ACCESO ADICIONAL--NOMBRE DE PERSONA
Nombre de persona Pérez Bustamante, Ciriaco
9 (RLIN) 57709
710 2# - PUNTO DE ACCESO ADICIONAL--NOMBRE DE ENTIDAD CORPORATIVA
Nombre de entidad corporativa o nombre de jurisdicción como elemento de entrada Real Academia de la Historia (España)
9 (RLIN) 57710
Existencias
Estado de retiro Estado de pérdida Restricciones de uso No para préstamo Código de colección Localización permanente Ubicación/localización actual Ubicación en estantería Fecha de adquisición Número de inventario Total de préstamos Signatura topográfica completa Código de barras Fecha visto por última vez Precio válido a partir de Tipo de ítem Koha Nota pública
      Excluido de préstamo Raros y valiosos Patrimonio Dominicano Patrimonio Dominicano Depósito 15.06.2011 LF1   31236-10 25.06.2020 25.06.2020 No se presta Perteneció a la biblioteca personal de Viviani Luna.

Con tecnología Koha